00000000nam##2200000za#4500
0019.534747
003CaOODSP
00520210615083632
007ta
008150406|2000||||xxc|||||     f|0| 0 fre|d
040 |aCaOODSP|bfre
041 |aeng
041 |afre
043 |an-cn---
0861 |aNH14-1/0394
1102 |aSociété canadienne d'hypothèques et de logement.
24510|aProjet visant à promouvoir l'adoption du code national du bâtiment et d'une formule uniformisée de demande de permis de construire à l'Ile-du-Prince-Édouard / |cPréparé par Home Builders' Association of Prince Edward Island. Préparé par Word-Works Communications Services.
260 |aOttawa - Ontario : |bSociété canadienne d'hypothèques et de logement |c2000.
300 |aTexte français, i, 17p. : |bill. ; |c28 cm.
4901 |aAbordabilité et choix toujours (ACT) projet de réforme de la réglementation|v0394
546 |aBilingue
563 |aCouverture souple
590 |a01-05|b2001-02-02
69107|aIndustrie de la construction|2gcpds
69107|aLogement|2gcpds
69107|aCoût|2gcpds
7760#|tA project to promote implementation of the national building code and a standardized building permit in Prince Edward Island / |w(CaOODSP)9.588091
791 |tA project to promote implementation of the national building code and a standardized building permit in Prince Edward Island / |eeng|w(CaOODSP)9.534746
830#0|aAbordabilité et choix toujours (ACT) projet de réforme de la réglementation ;|v0394|w(CaOODSP)9.509541
986 |aPB 0394